[Event "Sydney International Open"]
[Site "*"]
[Date "2007.04.11"]
[Round "3.66"]
[White "Cvetkoski, Tode"]
[Black "Watson, Jean"]
[Result "1-0"]
[WhiteElo "1705"]
[BlackElo "1234"]
[PlyCount "55"]

1. e4 e6 2. d4 d5 3. e5 c5 4. c3 Nc6 5. Nf3 Bd7 6. a3 cxd4 7. cxd4 Qb6 8. Nc3
a6 9. Be2 Nge7 10. Na4 Qa7 11. b4 Nf5 12. Be3 b6 13. O-O Be7 14. Bd3 O-O 15.
Nc3 Rac8 16. Rc1 Nxb4 17. axb4 Bxb4 18. Na2 Ba5 19. Qb3 b5 20. Bxf5 exf5 21.
Qa3 Qb6 22. Nb4 Be6 23. Nd3 Ra8 24. Ra1 Bc3 25. Qxc3 Rfc8 26. Qb3 a5 27. Rfb1
b4 28. Nc5 1-0

[Event "Sydney International Open"]
[Site "*"]
[Date "2007.04.11"]
[Round "3.67"]
[White "Nakauchi, Gene"]
[Black "Kumar, Sanjesh"]
[Result "1-0"]
[WhiteElo "1703"]
[BlackElo "1153"]
[PlyCount "83"]

1. d4 d5 2. c4 Nf6 3. cxd5 Nxd5 4. e4 Nf6 5. Nc3 e6 6. Nf3 Be7 7. Be2 O-O 8.
O-O Nbd7 9. Bf4 c6 10. Rc1 Qa5 11. Nd2 b5 12. Nb3 Qb6 13. Kh1 Bb7 14. f3 a5 15.
a4 Ba6 16. Qc2 Rac8 17. Bd3 Nh5 18. Be3 e5 19. g4 Nf4 20. Bxf4 exf4 21. e5 g6
22. Rfe1 Kg7 23. e6 Nf6 24. exf7 Rxf7 25. Re6 Rc7 26. g5 Nd7 27. Bxg6 Bxg5 28.
Bxf7 Kxf7 29. Qf5+ Bf6 30. Nd5 cxd5 31. Rxb6 Rxc1+ 32. Nxc1 Nxb6 33. axb5 Bxb5
34. Qxh7+ Bg7 35. Qf5+ Bf6 36. Qxf4 Nc4 37. Qc7+ Kg6 38. Qc5 Be8 39. Qxd5 Bf7
40. Qe4+ Kh6 41. b3 Nd2 42. Qf4+ 1-0

[Event "Sydney International Open"]
[Site "*"]
[Date "2007.04.11"]
[Round "3.68"]
[White "McKenzie, Mark"]
[Black "Yu, Sally"]
[Result "1-0"]
[WhiteElo "1214"]
[BlackElo "1697"]
[PlyCount "64"]

1. d4 d5 2. c4 e6 3. Nc3 Nf6 4. Bf4 c6 5. Nf3 Bb4 6. Qc2 Ne4 7. Ne5 Qa5 8. f3
Nxc3 9. Kf2 Na4 10. c5 Nxb2 11. Qxb2 Bc3 12. Qc1 Bxd4+ 13. Kg3 Bxa1 14. Qxa1
Qxc5 15. Nd3 Qf8 16. Qe5 f6 17. Qc7 Na6 18. Qa5 Qe7 19. Bc1 Qc7+ 20. Qxc7 Nxc7
21. e4 O-O 22. e5 b6 23. f4 c5 24. Nf2 b5 25. Ng4 f5 26. Ne3 a5 27. Be2 c4 28.
Nc2 b4 29. a4 Bd7 30. Bd1 Bxa4 31. Ne3 Bxd1 32. Rxd1 a4 1-0

[Event "Sydney International Open"]
[Site "*"]
[Date "2007.04.11"]
[Round "3.69"]
[White "Kumar, Karishma"]
[Black "Gearing, Michael"]
[Result "0-1"]
[WhiteElo "755"]
[BlackElo "1661"]
[PlyCount "136"]

1. d4 Nf6 2. Nf3 g6 3. Bg5 Bg7 4. c4 d6 5. Nc3 O-O 6. e3 Nbd7 7. Be2 c5 8. d5
Ng4 9. O-O Nge5 10. e4 Nxf3+ 11. Bxf3 Nb6 12. Qd3 h6 13. Bh4 g5 14. Bg3 a6 15.
Rac1 Be5 16. Bxe5 dxe5 17. b3 Qd6 18. Qe3 Kg7 19. Ne2 g4 20. Bxg4 Bxg4 21. Ng3
Kh7 22. h3 Bd7 23. Nh5 Qg6 24. Ng3 Rac8 25. Qd3 Rg8 26. Rb1 Qg5 27. b4 cxb4 28.
Rxb4 Qg6 29. Rfb1 Na4 30. Rxb7 Nc5 31. Qe3 Nxb7 32. Rxb7 Rcd8 33. Rb6 Qg5 34.
Qf3 Qf4 35. Qh5 Rg6 36. Rxg6 fxg6 37. Qe2 Qc1+ 38. Kh2 Rf8 39. c5 Qxc5 40. Qxa6
Qd6 41. Qa7 Rc8 42. a4 e6 43. dxe6 Qxe6 44. a5 Qc6 45. Ne2 Ra8 46. Qe3 Rxa5 47.
f4 Qe6 48. Qc3 Rb5 49. fxe5 Qxe5+ 50. Qxe5 Rxe5 51. Ng3 Bc6 52. h4 Bxe4 53. Ne2
Bxg2 54. Nf4 Bc6 55. Kg3 Re3+ 56. Kf2 Rf3+ 57. Ke2 Rxf4 58. Ke3 Rxh4 59. Kd3
Kg7 60. Ke3 Kf6 61. Kd3 Ke5 62. Kc3 Bd5 63. Kd3 Rh3+ 64. Ke2 Ke4 65. Kd2 Bb3
66. Ke2 Rh2+ 67. Kf1 Kf3 68. Ke1 Ra2 0-1

[Event "Sydney International Open"]
[Site "*"]
[Date "2007.04.11"]
[Round "3.71"]
[White "Evans, David A"]
[Black "Anton, Sarah"]
[Result "1-0"]
[WhiteElo "1597"]
[BlackElo "754"]
[PlyCount "73"]

1. Nf3 Nf6 2. g3 g6 3. Bg2 Bg7 4. O-O O-O 5. d3 d6 6. e4 e5 7. Nbd2 c5 8. Re1
b5 9. c4 b4 10. a3 Nc6 11. a4 a5 12. b3 Nh5 13. Nf1 f5 14. Ne3 f4 15. Nd5 g5
16. Nd2 Nf6 17. Nxf6+ Qxf6 18. Rf1 Nd4 19. Bb2 Nc6 20. g4 Ne7 21. h3 Kf7 22.
Nf3 Rh8 23. Qe2 h5 24. gxh5 Rxh5 25. Nxe5+ dxe5 26. Qxh5+ Ng6 27. Qe2 Bd7 28.
f3 Rh8 29. Kf2 g4 30. fxg4 Qh4+ 31. Kg1 Ke7 32. Qf2 Qg5 33. Qxc5+ Kf7 34. Qf2
Qe7 35. d4 Bc6 36. d5 Bd7 37. c5 1-0

[Event "Sydney International Open"]
[Site "*"]
[Date "2007.04.12"]
[Round "4.1"]
[White "Antic, Dejan"]
[Black "Timoshenko, Georgy"]
[Result "1/2-1/2"]
[WhiteElo "2443"]
[BlackElo "2566"]
[PlyCount "105"]

1. d4 Nf6 2. c4 e6 3. Nf3 b6 4. g3 Bb7 5. Bg2 Be7 6. Nc3 O-O 7. Qc2 c5 8. d5
exd5 9. Nh4 b5 10. cxd5 b4 11. Ne4 Nxd5 12. Nf5 d6 13. O-O Na6 14. Rd1 Nac7 15.
Nxc5 dxc5 16. e4 g6 17. Nxe7+ Qxe7 18. exd5 Nb5 19. Be3 Rac8 20. h4 Rfe8 21.
Rac1 c4 22. Qa4 a6 23. Qa5 Qd6 24. Qb6 Qd7 25. Qf6 Qd6 26. Bd4 Qxf6 27. Bxf6
Nd6 28. h5 gxh5 29. Rd4 h6 30. Bf3 Kh7 31. Kg2 Kg6 32. Rf4 Nf5 33. Bd4 Nxd4 34.
Rxd4 Re5 35. Rcxc4 Rxc4 36. Rxc4 Bxd5 37. Bxd5 Rxd5 38. Rxb4 a5 39. Rb7 a4 40.
a3 Rd2 41. Rb4 Rc2 42. Kf3 f6 43. Ke3 Kg5 44. Rxa4 Rxb2 45. Rb4 Ra2 46. a4 Ra3+
47. Ke2 Ra2+ 48. Kf3 f5 49. Rf4 Rb2 50. Ke3 Ra2 51. Kf3 Rb2 52. Ke3 Ra2 53. Kf3
1/2-1/2

[Event "Sydney International Open"]
[Site "*"]
[Date "2007.04.12"]
[Round "4.3"]
[White "Bakre, Tejas"]
[Black "Matamoros Franco, Carlos S"]
[Result "1/2-1/2"]
[WhiteElo "2426"]
[BlackElo "2523"]
[PlyCount "36"]

1. d4 Nf6 2. Nf3 g6 3. Nbd2 c5 4. dxc5 Qa5 5. a3 Qxc5 6. b4 Qc7 7. Bb2 Bg7 8.
Ne4 Qb6 9. Qd4 Qc6 10. Qc3 O-O 11. Nxf6+ Bxf6 12. Qxc6 dxc6 13. Bxf6 exf6 14.
e3 a5 15. Rb1 axb4 16. axb4 c5 17. bxc5 Nd7 18. Bc4 Nxc5 1/2-1/2

[Event "Sydney International Open"]
[Site "*"]
[Date "2007.04.12"]
[Round "4.7"]
[White "Zhao, Zong-Yuan"]
[Black "Ansell, Simon"]
[Result "1-0"]
[WhiteElo "2476"]
[BlackElo "2402"]
[PlyCount "101"]

1. e4 c5 2. Nf3 Nc6 3. d4 cxd4 4. Nxd4 e5 5. Nb5 d6 6. c4 Be7 7. N1c3 a6 8. Na3
Be6 9. Nd5 Rc8 10. Be3 Bg5 11. Bb6 Qd7 12. Be2 Bd8 13. O-O Nge7 14. Be3 O-O 15.
Qd3 f5 16. f3 Qe8 17. Nc2 f4 18. Bf2 Qh5 19. Rfd1 Ng6 20. Qa3 Bh4 21. Rf1 Qg5
22. Bxh4 Nxh4 23. Rf2 Bh3 24. Bf1 Rce8 25. Kh1 Bc8 26. Qxd6 Re6 27. Qc5 Rh6 28.
Rd2 Qg3 29. Qg1 Re8 30. Nc3 Ree6 31. Ne2 Qg5 32. Qf2 Reg6 33. Rad1 Qe7 34. c5
Rg5 35. Rd6 Ng6 36. Ng1 Rg3 37. Nh3 Bxh3 38. gxh3 Rg5 39. Bc4+ Kh8 40. Rd7 Qe8
41. Bf7 Qf8 42. Be6 Nge7 43. Bg4 Rf6 44. h4 Rgg6 45. h5 Rh6 46. b4 g6 47. a4
gxh5 48. Bh3 Ng8 49. Rxb7 a5 50. b5 Nd4 51. c6 1-0

[Event "Sydney International Open"]
[Site "*"]
[Date "2007.04.12"]
[Round "4.28"]
[White "Yu, Derek"]
[Black "Yu, Ronald"]
[Result "0-1"]
[WhiteElo "1958"]
[BlackElo "2177"]
[PlyCount "84"]

1. e4 c6 2. d4 d5 3. Nc3 dxe4 4. Nxe4 Nd7 5. Ng5 Ngf6 6. Bd3 e6 7. N1f3 Bd6 8.
Qe2 h6 9. Ne4 Nxe4 10. Qxe4 Qc7 11. O-O b6 12. Qg4 g5 13. Qh3 Rg8 14. Nd2 Bb7
15. Ne4 O-O-O 16. c3 f5 17. Nxd6+ Qxd6 18. Re1 c5 19. Qe3 Rge8 20. a4 f4 21.
Qe2 cxd4 22. cxd4 Qxd4 23. Bd2 Nc5 24. Bb5 Qxd2 25. Qxd2 Rxd2 26. Bxe8 Rxb2 27.
Rac1 Kd8 28. Bb5 Bd5 29. Bc4 Bxc4 30. Rxc4 Ra2 31. h4 Ke7 32. hxg5 hxg5 33. Rd1
Rxa4 34. Rxa4 Nxa4 35. Kh2 b5 36. Kh3 a5 37. Kg4 b4 38. Kxg5 Nc3 39. Rh1 a4 40.
Kxf4 a3 41. Kg5 b3 42. Rh7+ Kf8 0-1

[Event "Sydney International Open"]
[Site "*"]
[Date "2007.04.12"]
[Round "4.29"]
[White "Rachmadi, Herman"]
[Black "Atzmon-Simon, Barak"]
[Result "0-1"]
[WhiteElo "1862"]
[BlackElo "2157"]
[PlyCount "64"]

1. d4 d6 2. c4 f5 3. Nf3 g6 4. Nc3 Nf6 5. e3 Bg7 6. b4 O-O 7. Bb2 c6 8. Bd3 Qe8
9. Ne2 Nbd7 10. Qb3 e5 11. dxe5 Nxe5 12. Nxe5 dxe5 13. c5+ Be6 14. Bc4 Nd5 15.
Rd1 Kh8 16. O-O g5 17. f4 Bg8 18. Rd3 Qe7 19. Nc3 e4 20. Nxd5 cxd5 21. Bxg7+
Qxg7 22. Rxd5 Bxd5 23. Bxd5 Rad8 24. b5 gxf4 25. Rxf4 Qe5 26. Bxb7 Rd3 27. Qb4
Rxe3 28. c6 Rd8 29. Rf1 Re2 30. Kh1 Rg8 31. Rg1 Rexg2 32. Qe1 Rxh2# 0-1

[Event "Sydney International Open"]
[Site "*"]
[Date "2007.04.12"]
[Round "4.30"]
[White "Bennett, Hilton"]
[Black "Stojic, Svetozar"]
[Result "1-0"]
[WhiteElo "2134"]
[BlackElo "1991"]
[PlyCount "119"]

1. e4 c5 2. Nc3 Nc6 3. f4 g6 4. Nf3 Bg7 5. a3 e6 6. b4 cxb4 7. axb4 Nxb4 8. Ba3
Qb6 9. e5 a5 10. Nb5 Bf8 11. Rb1 Qc6 12. Nfd4 Qe4+ 13. Qe2 Qxe2+ 14. Bxe2 Na6
15. Nd6+ Bxd6 16. Bxd6 Ne7 17. O-O Nc6 18. Nb5 Kd8 19. c3 Na7 20. Nd4 Nc6 21.
Nf3 h6 22. d4 Nc7 23. Nd2 Rb8 24. Nc4 b5 25. Ne3 Na7 26. Rfc1 Ba6 27. Nc4 a4
28. Na3 Rb7 29. Bf3 Nc6 30. Nc2 Rb6 31. Bc5 Rb8 32. Nb4 Bb7 33. Bd6 Kc8 34. Nd3
Na7 35. Be2 Be4 36. c4 bxc4 37. Rxb8+ Kxb8 38. Nc5 Bb7 39. Rb1 Kc8 40. Rxb7
Nab5 41. Bxc7 Nxc7 42. Bxc4 g5 43. Ra7 gxf4 44. Rxa4 Rg8 45. Kf2 Rg6 46. Ne4
Kd8 47. Rb4 h5 48. Rb8+ Ke7 49. Rb7 Kd8 50. Nd6 Rg7 51. Rb8+ Ke7 52. Rh8 f6 53.
Rc8 fxe5 54. dxe5 Rg5 55. Rxc7 Rxe5 56. Nb7 Re4 57. Rxd7+ Kf6 58. Rc7 Re3 59.
Rc6 Ke7 60. Nc5 1-0

[Event "Sydney International Open"]
[Site "*"]
[Date "2007.04.12"]
[Round "4.31"]
[White "Holland, Dennis"]
[Black "Dragicevic, Domagoj"]
[Result "0-1"]
[WhiteElo "1961"]
[BlackElo "2196"]
[PlyCount "110"]

1. d4 d5 2. c4 e6 3. Nf3 Nf6 4. e3 Be7 5. Nbd2 O-O 6. Bd3 Nbd7 7. O-O c5 8.
cxd5 exd5 9. b3 b6 10. Bb2 Bb7 11. Rc1 Re8 12. dxc5 Nxc5 13. Bb5 Rf8 14. Ne5
Qd6 15. Ndf3 a6 16. Be2 Nfe4 17. b4 Ne6 18. Nd3 Bf6 19. Bxf6 Nxf6 20. Nd4 Nxd4
21. exd4 Rac8 22. Qb3 Rfe8 23. Qb2 Ne4 24. Rxc8 Rxc8 25. Rc1 Rc4 26. a3 Qf6 27.
f3 Nc3 28. Bf1 Qxd4+ 29. Kh1 Rc8 30. Re1 Qf6 31. Ne5 Qd6 32. Qd2 h6 33. Qd4 Nb5
34. Bxb5 axb5 35. Ng4 Qc7 36. h3 Qc3 37. Nxh6+ Kf8 38. Qxc3 Rxc3 39. Nf5 g6 40.
Nd4 Rxa3 41. Nxb5 Rb3 42. Nd6 Bc6 43. Rc1 Bd7 44. Rc7 Ke7 45. Nxf7 Rxb4 46. Ne5
Kd6 47. Rxd7+ Kxe5 48. g3 Rb2 49. Rg7 d4 50. Re7+ Kd5 51. Re1 d3 52. Kg1 Kd4
53. Kf1 d2 54. Rd1 Ke3 55. f4 Rc2 0-1

[Event "Sydney International Open"]
[Site "*"]
[Date "2007.04.12"]
[Round "4.32"]
[White "Gutierrez Castillo, Paloma"]
[Black "Zulfic, Fedja"]
[Result "1/2-1/2"]
[WhiteElo "2176"]
[BlackElo "1895"]
[PlyCount "120"]

1. e4 d5 2. exd5 Nf6 3. Nc3 Nxd5 4. Bc4 Nb6 5. Bb3 Nc6 6. h3 Bf5 7. Nf3 e6 8.
d3 h6 9. Bf4 Bd6 10. Be3 Qf6 11. Qe2 O-O 12. g4 Bg6 13. g5 hxg5 14. Nxg5 Bf4
15. h4 Bxe3 16. fxe3 Na5 17. O-O-O Nxb3+ 18. axb3 Nd5 19. Nce4 Bxe4 20. dxe4
Nb6 21. Rdg1 Qh6 22. e5 a5 23. Ne4 Nd5 24. c4 Nxe3 25. Nf6+ Kh8 26. Rg5 Nf5 27.
Kb1 g6 28. Ng4 Qh7 29. Nf6 Qh6 30. Qf2 a4 31. bxa4 Rxa4 32. Ng4 Qh7 33. h5 Rfa8
34. Rh2 gxh5 35. Kc1 Rxc4+ 36. Kd2 Rd8+ 37. Ke2 Rc2+ 38. Ke1 Rxf2 39. Nxf2 h4
40. Ne4 h3 41. Rg4 Ne3 42. Rg3 Rd1+ 43. Ke2 Rd2+ 44. Nxd2 Ng2 45. Rgxg2 hxg2
46. Rxh7+ Kxh7 47. Kf2 Kg6 48. Kxg2 Kf5 49. Nf3 Ke4 50. Kf2 c5 51. Ke2 c4 52.
Ng5+ Kxe5 53. Nxf7+ Kd5 54. Ke3 b5 55. Ng5 c3 56. b3 e5 57. Nf3 Kc5 58. Kd3 e4+
59. Kxe4 Kb4 60. Nd4 c2 1/2-1/2

[Event "Sydney International Open"]
[Site "*"]
[Date "2007.04.12"]
[Round "4.34"]
[White "Mandla, Blair"]
[Black "Bernardino, Almario Marlon"]
[Result "0-1"]
[WhiteElo "1765"]
[BlackElo "2146"]
[PlyCount "86"]

1. e4 c5 2. Nf3 Qa5 3. Nc3 e6 4. d4 cxd4 5. Nxd4 a6 6. Nb3 Qc7 7. Bd3 b5 8. O-O
Bb7 9. Re1 d6 10. a4 b4 11. Ne2 Nf6 12. Ng3 h5 13. Bg5 h4 14. Nf1 h3 15. g3
Nbd7 16. c3 d5 17. exd5 Bxd5 18. Bxf6 Nxf6 19. Ne3 Bb7 20. Ng4 Nh7 21. Bxh7
Rxh7 22. Nd4 O-O-O 23. cxb4 Qb6 24. Qc2+ Kb8 25. Qxh7 Qxd4 26. Ne3 Qxb4 27.
Qxh3 Bc5 28. Qh4 Rd4 29. Qh8+ Ka7 30. Qxg7 Rd3 31. Qg4 f5 32. Qf4 Rd4 33. Qe5
Re4 34. Qc3 Qb6 35. a5 Qc6 36. f3 Rc4 37. Qxc4 Bxe3+ 38. Rxe3 Qxc4 39. Rae1 Bd5
40. h4 f4 41. Rc3 Qd4+ 42. Kg2 Qd2+ 43. Kf1 fxg3 0-1

[Event "Sydney International Open"]
[Site "*"]
[Date "2007.04.12"]
[Round "4.36"]
[White "Chan, Jason"]
[Black "Harris, Benjamin"]
[Result "1/2-1/2"]
[WhiteElo "2099"]
[BlackElo "1819"]
[PlyCount "94"]

1. e4 c5 2. Nf3 e6 3. d3 Nc6 4. g3 Nge7 5. Bg2 g6 6. O-O Bg7 7. Re1 d6 8. c3
O-O 9. d4 cxd4 10. cxd4 d5 11. e5 b6 12. Nc3 a6 13. g4 f6 14. exf6 Bxf6 15. Bh6
Bg7 16. Qd2 Qd6 17. Rac1 Bd7 18. Bxg7 Kxg7 19. Ne5 Nxe5 20. dxe5 Qb4 21. Ne4
Qxd2 22. Nxd2 Rac8 23. Bf1 Rxc1 24. Rxc1 Rc8 25. Rxc8 Bxc8 26. f4 h6 27. h4 Nc6
28. Nf3 Kf7 29. Kf2 a5 30. Ke3 Nb4 31. Nd4 Nxa2 32. Nb5 Bd7 33. Nd6+ Kg7 34. h5
gxh5 35. f5 hxg4 36. f6+ Kf8 37. Kf4 Nb4 38. Kxg4 Nc6 39. Kf4 Nd8 40. Ba6 Nf7
41. Bc8 Bxc8 42. Nxc8 Nd8 43. Nxb6 Nc6 44. Nd7+ Kf7 45. Nc5 Nb4 46. Kg4 Nc6 47.
Kf4 Nb4 1/2-1/2

[Event "Sydney International Open"]
[Site "*"]
[Date "2007.04.12"]
[Round "4.37"]
[White "Szuveges, Narelle S"]
[Black "Moylan, Laura A"]
[Result "1/2-1/2"]
[WhiteElo "1841"]
[BlackElo "2092"]
[PlyCount "63"]

1. d4 Nf6 2. c4 c5 3. d5 b5 4. cxb5 a6 5. bxa6 g6 6. Nc3 Bxa6 7. e4 Bxf1 8.
Kxf1 d6 9. Nf3 Bg7 10. g3 O-O 11. Kg2 Nbd7 12. h3 Ra6 13. Re1 Qa8 14. Bg5 Nb6
15. Qd3 Na4 16. Nxa4 Rxa4 17. a3 h6 18. Bd2 c4 19. Qc2 Nd7 20. Rad1 Rb8 21. Bc3
Bxc3 22. Qxc3 Nc5 23. Re2 Rb3 24. Qc1 c3 25. bxc3 Raxa3 26. Qxh6 Qf8 27. Qxf8+
Kxf8 28. Nd4 Rb8 29. Rc1 Nd3 30. Rcc2 Rb1 31. Nf3 Rbb3 32. Ne1 1/2-1/2

[Event "Sydney International Open"]
[Site "*"]
[Date "2007.04.12"]
[Round "4.38"]
[White "Hornsgaard, Jens Boe"]
[Black "Smith, Vivian"]
[Result "1-0"]
[WhiteElo "2076"]
[BlackElo "1742"]
[PlyCount "69"]

1. e4 d6 2. d4 Nf6 3. Nc3 g6 4. f4 Bg7 5. Nf3 O-O 6. Bd3 Na6 7. O-O c5 8. e5
Nd7 9. Bxa6 bxa6 10. exd6 exd6 11. Be3 Bb7 12. Qd2 cxd4 13. Nxd4 Nc5 14. Rad1
Ne4 15. Nxe4 Bxe4 16. c3 Re8 17. Nb3 f5 18. Qxd6 Qxd6 19. Rxd6 Bxg2 20. Kxg2
Rxe3 21. Rxa6 Bh6 22. Nd4 Re4 23. Kg3 Re3+ 24. Rf3 Re7 25. b4 Rae8 26. a4 Bg7
27. Nc6 Re3 28. Rxa7 Rxf3+ 29. Kxf3 Bxc3 30. b5 Bd2 31. Ne7+ Kf8 32. b6 Bb4 33.
Nd5 Bc5 34. Rxh7 Re1 35. b7 1-0

[Event "Sydney International Open"]
[Site "*"]
[Date "2007.04.12"]
[Round "4.39"]
[White "Camer, Angelito"]
[Black "Lo, Anthony"]
[Result "1-0"]
[WhiteElo "2028"]
[BlackElo "1676"]
[PlyCount "139"]

1. d4 d5 2. Nf3 Nf6 3. Bf4 Bf5 4. e3 e6 5. Bd3 Bg6 6. O-O c5 7. Bxb8 Bxd3 8.
cxd3 Qxb8 9. Na3 a6 10. Qb3 b5 11. dxc5 Bxc5 12. Rac1 Be7 13. Rc6 O-O 14. Rfc1
Nd7 15. Nb1 Nb6 16. Nbd2 Rc8 17. Rxc8+ Nxc8 18. Qc2 Nb6 19. Nd4 Bd6 20. N2f3
Qd8 21. Nc6 Qc7 22. Kf1 g6 23. Ke2 Rc8 24. Nfd4 e5 25. Nb3 Nc4 26. dxc4 Qxc6
27. c5 Be7 28. Qd2 Qe6 29. Kf1 Bf6 30. Na5 h6 31. b4 d4 32. Nb3 dxe3 33. fxe3
Rd8 34. Qc2 Bg5 35. Re1 Qd5 36. c6 Rc8 37. Na5 Bd8 38. Rd1 Qe6 39. Nb7 Bb6 40.
Rd6 Qc4+ 41. Qxc4 bxc4 42. Ke2 Bc7 43. Rd5 Bb6 44. Rxe5 Rxc6 45. Nc5 a5 46. a3
axb4 47. axb4 Bc7 48. Re4 Bxh2 49. Rxc4 Bd6 50. Kd3 f6 51. Rc2 Kf7 52. Kc4 Bxc5
53. bxc5 Ke6 54. Kb5 Rc8 55. c6 Rb8+ 56. Kc5 Rb3 57. e4 h5 58. Rd2 Rc3+ 59. Kb6
Rb3+ 60. Ka7 Rc3 61. Kb7 Rb3+ 62. Kc8 Rc3 63. c7 Rc1 64. Kd8 Ke5 65. Kd7 Kxe4
66. Rd6 Ke5 67. Rc6 Rd1+ 68. Ke7 Kf4 69. c8=Q Re1+ 70. Kxf6 1-0

[Event "Sydney International Open"]
[Site "*"]
[Date "2007.04.12"]
[Round "4.40"]
[White "Stahnke, Alexander"]
[Black "Uttam, Kumar Saha"]
[Result "1/2-1/2"]
[WhiteElo "1429"]
[BlackElo "2016"]
[PlyCount "113"]

1. c4 e5 2. Nc3 Nf6 3. Nf3 Nc6 4. d3 d5 5. cxd5 Nxd5 6. g3 Be7 7. Bg2 Be6 8.
O-O O-O 9. Bd2 f5 10. Qb3 Qd6 11. Nb5 Qd7 12. Qc2 f4 13. a3 Kh8 14. Nc3 fxg3
15. hxg3 Rad8 16. b4 Nf6 17. Qb2 a6 18. b5 axb5 19. Qxb5 b6 20. Nxe5 Nxe5 21.
Qxe5 Bc5 22. Rab1 Ng4 23. Qh5 Nxf2 24. Kh2 Rf5 25. Qh4 Be7 26. Qa4 Qxa4 27.
Nxa4 Rh5+ 28. Kg1 Nh3+ 29. Bxh3 Bxh3 30. Rf7 Bd6 31. Bf4 Kg8 32. Rxc7 Bxc7 33.
Bxc7 Re8 34. e4 Ra8 35. Nxb6 Rxa3 36. Rd1 Ra2 37. Nc4 Bg2 38. Rd2 Rxd2 39. Nxd2
Bh3 40. d4 Kf7 41. d5 Ke7 42. Nf3 Bc8 43. Kg2 Kd7 44. Be5 g5 45. g4 Rh6 46.
Nxg5 Rg6 47. Bf4 h6 48. Nf7 Rxg4+ 49. Kf3 Rg1 50. Nxh6 Ke7 51. Nf5+ Bxf5 52.
exf5 Kf6 53. Ke4 Re1+ 54. Be3 Rf1 55. Bd4+ Ke7 56. f6+ Kf7 57. Be5 1/2-1/2

[Event "Sydney International Open"]
[Site "*"]
[Date "2007.04.12"]
[Round "4.41"]
[White "Dowden, Tony"]
[Black "Ninchich, Milan"]
[Result "1-0"]
[WhiteElo "2190"]
[BlackElo "1647"]
[PlyCount "68"]

1. c4 Nc6 2. e4 e5 3. Nc3 Bc5 4. d3 d6 5. a3 a6 6. g3 Nf6 7. h3 h6 8. Bg2 Bd7
9. Nge2 Nd4 10. O-O Qc8 11. Kh2 g5 12. Nxd4 Bxd4 13. Ne2 Ba7 14. d4 Bc6 15. f3
Qd8 16. b4 Qe7 17. a4 b6 18. b5 Bb7 19. Bb2 O-O-O 20. bxa6 Bxa6 21. Qb3 Nd7 22.
dxe5 dxe5 23. Ba3 Nc5 24. Qc2 Qe6 25. Bxc5 bxc5 26. Rac1 h5 27. h4 Qg6 28. Rb1
Rd6 29. f4 gxf4 30. Bh3+ Kd8 31. gxf4 Qf6 32. Qc3 exf4 33. e5 Qxh4 34. exd6 Bc8
1-0

[Event "Sydney International Open"]
[Site "*"]
[Date "2007.04.12"]
[Round "4.42"]
[White "Descallar, Levi"]
[Black "Stojic, Dusan"]
[Result "0-1"]
[WhiteElo "1787"]
[BlackElo "2271"]
[PlyCount "94"]

1. d4 Nf6 2. Nf3 g6 3. Bf4 Bg7 4. Nbd2 O-O 5. e4 d6 6. h3 Nbd7 7. Bc4 c6 8. Bb3
Qe8 9. O-O e5 10. Bh2 Qe7 11. dxe5 dxe5 12. Qe2 Nh5 13. Qe3 Nc5 14. Bc4 b5 15.
Be2 Nf4 16. b4 Nce6 17. Rab1 Rd8 18. Rfd1 a5 19. a3 f6 20. Bf1 axb4 21. axb4
Bh6 22. Qb3 Kf8 23. c4 Bd7 24. Ra1 Be8 25. Qb2 Rxa1 26. Rxa1 Nd4 27. Nxd4 Rxd4
28. Nf3 Rd8 29. Kh1 Nd3 30. Bxd3 Rxd3 31. c5 Qe6 32. Rb1 Bg7 33. Ne1 Rd4 34. f3
Bh6 35. Bg1 Rd2 36. Qc3 Qa2 37. Ra1 Qb2 38. Qxb2 Rxb2 39. Nd3 Rb3 40. Rd1 Ke7
41. g3 Bf7 42. f4 Bc4 43. Nf2 exf4 44. Ng4 Be2 45. Rd6 Bf3+ 46. Kh2 Bxe4 47.
Nxh6 fxg3# 0-1

[Event "Sydney International Open"]
[Site "*"]
[Date "2007.04.12"]
[Round "4.43"]
[White "Hvistendahl, Robert"]
[Black "Ilic, Ilija"]
[Result "1-0"]
[WhiteElo "1855"]
[BlackElo "2170"]
[PlyCount "82"]

1. e4 d6 2. d4 Nf6 3. Nc3 g6 4. Nf3 Bg7 5. Be2 Nc6 6. d5 Ne5 7. Nxe5 dxe5 8. f4
Nd7 9. g3 c6 10. O-O O-O 11. dxc6 bxc6 12. Qe1 Qa5 13. Bd2 Qc7 14. Kh1 e6 15.
Bc4 a5 16. Na4 exf4 17. gxf4 Bb7 18. Bc3 e5 19. f5 c5 20. Qh4 Qd8 21. Qe1 Bc6
22. b3 Qg5 23. Rd1 Bxa4 24. bxa4 Nb6 25. Bb5 Rfd8 26. Rxd8+ Rxd8 27. Bxa5 Rd6
28. Qf2 Qg4 29. Qf3 gxf5 30. Qxf5 Qxf5 31. exf5 f6 32. Bc3 Kf8 33. a5 Nc8 34.
Rb1 Bh6 35. Ba4 Ke7 36. Rb7+ Kd8 37. Rxh7 Bd2 38. Bxd2 Rxd2 39. a6 Rd6 40. a7
Nxa7 41. Rxa7 Rd7 1-0

[Event "Sydney International Open"]
[Site "*"]
[Date "2007.04.12"]
[Round "4.44"]
[White "Nakauchi, Gene"]
[Black "Karenlampi, Pirkka"]
[Result "1-0"]
[WhiteElo "1703"]
[BlackElo "2021"]
[PlyCount "50"]

1. d4 d5 2. c4 e6 3. Nc3 c6 4. e4 dxe4 5. Nxe4 Bb4+ 6. Bd2 Qxd4 7. Bxb4 Qxe4+
8. Be2 c5 9. Bxc5 Qxg2 10. Qd6 Nd7 11. O-O-O Qg5+ 12. Be3 Qe5 13. Qd2 f6 14.
Nf3 Qc7 15. Nd4 Qd6 16. Nb5 Qxd2+ 17. Rxd2 Kd8 18. Nd6 Ke7 19. Rhd1 Ne5 20. Bc5
Bd7 21. Nxb7+ Kf7 22. f4 Ba4 23. b3 Nd7 24. bxa4 Nxc5 25. Nxc5 Rc8 1-0

[Event "Sydney International Open"]
[Site "*"]
[Date "2007.04.12"]
[Round "4.45"]
[White "Yu, Sally"]
[Black "Lovejoy, David"]
[Result "0-1"]
[WhiteElo "1697"]
[BlackElo "2003"]
[PlyCount "104"]

1. e4 c5 2. Nf3 d6 3. Bb5+ Bd7 4. Bxd7+ Qxd7 5. c4 Nf6 6. Nc3 Nc6 7. d4 cxd4 8.
Nxd4 g6 9. O-O Bg7 10. Be3 Ng4 11. Qd2 Nxe3 12. fxe3 e6 13. Ndb5 Be5 14. Rad1
Rd8 15. Nd4 a6 16. Nf3 Bg7 17. Ng5 Ne5 18. Nf3 Nxc4 19. Qe2 Rc8 20. Rd3 Ne5 21.
Nxe5 Bxe5 22. Qd2 Qe7 23. Rd1 Qh4 24. g3 Qg5 25. Kg2 O-O 26. Kh1 Qg4 27. Qe2
Qxe2 28. Nxe2 Rc2 29. R3d2 Rfc8 30. Nf4 Bxb2 31. Rxc2 Rxc2 32. Rxd6 Be5 33. Rb6
Rb2 34. Rxb2 Bxb2 35. Nd3 Bc3 36. Nc5 Bd2 37. Nxb7 Bxe3 38. Kg2 Kf8 39. Kf3 Bb6
40. Nd6 Bc7 41. Nc4 Ke7 42. Ke3 Kd7 43. Kd4 Kc6 44. Ne5+ Bxe5+ 45. Kxe5 Kc5 46.
Kf6 Kd4 47. Kxf7 e5 48. Kg7 Kxe4 49. Kxh7 Kf5 50. h4 e4 51. g4+ Kxg4 52. Kxg6
Kxh4 0-1

[Event "Sydney International Open"]
[Site "*"]
[Date "2007.04.12"]
[Round "4.46"]
[White "Tulevski, Vasil G"]
[Black "Cvetkoski, Tode"]
[Result "1-0"]
[WhiteElo "2001"]
[BlackElo "1705"]
[PlyCount "105"]

1. d4 Nf6 2. c4 e6 3. Nc3 h6 4. e4 b6 5. e5 Nh7 6. Qg4 Bb7 7. h4 d6 8. Be3 Nc6
9. O-O-O Qd7 10. Bd3 O-O-O 11. f4 g6 12. h5 Ne7 13. Nf3 Kb8 14. Rd2 Rg8 15.
Rhd1 f5 16. Qh4 d5 17. Kb1 Qe8 18. hxg6 Rxg6 19. Qf2 Rg4 20. Nh2 Rg8 21. c5 Nc6
22. cxb6 cxb6 23. g4 Qf7 24. gxf5 exf5 25. a3 Be7 26. Nf3 Nf8 27. Rh1 Rh8 28.
Nh4 Bc8 29. Rc2 Kb7 30. Rcc1 Ng6 31. Nxg6 Qxg6 32. Rh3 Be6 33. Rch1 Rdg8 34.
Qc2 Bf8 35. Rh5 Qf7 36. Bxf5 Rg3 37. Bxe6 Qxe6 38. f5 Qd7 39. Qf2 Rhg8 40. R5h2
Na5 41. Bxh6 Bxh6 42. Rxh6 Nc4 43. Rh7 R8g7 44. Rxg7 Qxg7 45. Rh2 Qg5 46. Ka2
Rd3 47. Qc2 Rxd4 48. e6 Ne3 49. Rh7+ Ka6 50. Qe2+ Nc4 51. e7 Qc1 52. e8=Q Rd2
53. Qb5# 1-0

[Event "Sydney International Open"]
[Site "*"]
[Date "2007.04.12"]
[Round "4.47"]
[White "Yuen, Jonathan"]
[Black "Davis, Tony J"]
[Result "1-0"]
[WhiteElo "1670"]
[BlackElo "1978"]
[PlyCount "72"]

1. e4 e6 2. d4 d5 3. Nc3 Bb4 4. e5 c5 5. a3 Bxc3+ 6. bxc3 Qc7 7. Nf3 b6 8. Be2
Ba6 9. O-O Bxe2 10. Qxe2 Nc6 11. Be3 c4 12. Ng5 Nh6 13. f4 O-O-O 14. a4 Rde8
15. Bc1 f6 16. Nf3 Rhg8 17. Ba3 Nf7 18. Bb4 g5 19. exf6 gxf4 20. Ne5 Ncxe5 21.
dxe5 Nxe5 22. Rxf4 Ng6 23. Rf2 Qf7 24. a5 Kb7 25. Rb1 e5 26. axb6 a6 27. Qf3
Nf4 28. Kh1 Re6 29. Be7 Rc6 30. Rd2 Re8 31. Rbd1 e4 32. Qxf4 Rxe7 33. fxe7 Qxf4
34. e8=Q Rf6 35. Qd7+ Kxb6 36. Rb1+ Kc5 1-0

[Event "Sydney International Open"]
[Site "*"]
[Date "2007.04.12"]
[Round "4.48"]
[White "Selnes, Hamish"]
[Black "Gearing, Michael"]
[Result "1-0"]
[WhiteElo "1976"]
[BlackElo "1661"]
[PlyCount "67"]

1. e4 c5 2. Nf3 d6 3. d4 cxd4 4. Nxd4 Nf6 5. Nc3 g6 6. Be3 Bg7 7. f3 O-O 8. Qd2
Nc6 9. O-O-O d5 10. exd5 Nxd5 11. Nxc6 bxc6 12. Bd4 e5 13. Bc5 Be6 14. Ne4 Re8
15. g4 a5 16. a3 Qc7 17. h4 Red8 18. Qf2 f5 19. gxf5 Bh6+ 20. Ng5 Bxf5 21. Bc4
Kg7 22. Rhe1 Nf4 23. Rxd8 Qxd8 24. Rxe5 Bxg5 25. hxg5 Qxg5 26. Re7+ Kh6 27.
Qh2+ Bh3 28. Kb1 Qh4 29. Re4 g5 30. Bd6 Rd8 31. Bxf4 gxf4 32. Rxf4 Rd1+ 33. Ka2
Qh5 34. Qf2 1-0